Truyện hoa tiên

Saved in:
Bibliographic Details
Main Author: Nguyễn Huy Tư
Other Authors: Nguyễn Thiệu (tác giả)
Format: Book
Language:Vietnamese
Published: H. Nxb. Văn học 1978
Subjects:
Tags: Add Tag
No Tags, Be the first to tag this record!
Institutions: Mạng thư viện Đại học Đà Nẵng
LEADER 01038nam a2200301 4500
001 000014768
003 11138
005 20120514140509.0
008 120514s1978 viesd
041 0 |a vie 
082 |a 895.92211  |b NG-T 
100 0 |a Nguyễn Huy Tư 
245 0 |a Truyện hoa tiên  |c Nguyễn Huy Tự, Nguyễn Thiệu ; Đào Duy Anh khảo đính, chú thích, giới thiệu 
260 |a H.  |b Nxb. Văn học  |c 1978 
300 |a 221tr.  |c 19 cm 
653 |a văn học hiện đại 
653 |a truyện thơ 
700 |a Nguyễn Thiệu  |e tác giả 
OWN |a LSP 
AVA |a UDN50  |b LSP  |d 895.92211 NG-T  |e available  |t Error 5001 Not defined in file expand_doc_bib_avail.  |f 1  |g 0  |h N  |i 0  |k 1 
999 |a From the UDN01 
AVA |a UDN50  |b LSP  |d 895.92211 NG-T  |e available  |t Error 5001 Not defined in file expand_doc_bib_avail.  |f 1  |g 0  |h N  |i 0  |k 1 
TYP |a Monograph 
TYP |a Printed language 
980 |a Mạng thư viện Đại học Đà Nẵng